[Event "Budapest for the Tournament Player: 1500 - 2000 #2"]
[Site "SchemingMind.com"]
[Date "2007.06.15"]
[Round "-"]
[White "javilez"]
[Black "jtrochez1"]
[Result "1-0"]
[WhiteCountry "NCA"]
[BlackCountry "HON"]
[WhiteElo "1742"]
[WhiteRD "56"]
[BlackElo "1500"]
[BlackRD "47"]
[GameID "109041"]

1. d4 Nf6 2. c4 e5 3. dxe5 Ne4 4. Nf3 Nc5 5. b4 Ne6 6. a3 Be7 7. e3 d6 8. Bb2 Nd7 9. exd6 Bf6 10. dxc7 Qxc7
11. Bxf6 Nxf6 12. Be2 O-O 13. Nc3 a6 14. O-O Rd8 15. Qc2 Nf8 16. Rfd1 Be6 17. Rac1 Bxc4 18. Nd5 Nxd5 19. Qxc4 Qxc4 20. Bxc4 Nf6
21. h3 Rxd1+ 22. Rxd1 b5 23. Bb3 Ne4 24. Ne5 Ne6 25. Rd7 Re8 26. Nxf7 Kf8 27. Nd6 Nxd6 28. Rxd6 Nc7 29. Rc6 Re7 30. Rc5 Ke8
31. Kf1 Kd8 32. Ke2 Kd7 33. Rc3 Ne8 34. Bc2 g6 35. f3 Nf6 36. e4 Nh5 37. Kf2 Kd6 38. a4 Nf4 39. h4 h6 40. g3 Nh5
41. axb5 axb5 42. Rc5 Rb7 43. Bd3 Ng7 44. e5+ Ke7 45. Rxb5 Rxb5 46. Bxb5 Kd8 47. Ke3 Kc7 48. g4 Kb6 49. Bc4 g5 50. hxg5 hxg5
51. e6 Kc6 52. Ke4 Kd6 53. Kd4 Nxe6+ 54. Bxe6 Kxe6 55. b5
1-0

[Event "Budapest for the Tournament Player: 1500 - 2000 #2"]
[Site "SchemingMind.com"]
[Date "2007.06.15"]
[Round "-"]
[White "jtrochez1"]
[Black "javilez"]
[Result "0-1"]
[WhiteCountry "HON"]
[BlackCountry "NCA"]
[WhiteElo "1524"]
[WhiteRD "49"]
[BlackElo "1797"]
[BlackRD "61"]
[GameID "109042"]

1. d4 Nf6 2. c4 e5 3. dxe5 Ng4 4. Nf3 Bc5 5. e3 Nc6 6. Bd2 Ngxe5 7. Bc3 Qe7 8. Be2 d6 9. O-O Bf5 10. Nxe5 Nxe5
11. Nd2 O-O 12. Bd4 Bxd4 13. exd4 Nd3 14. Bxd3 Bxd3 15. Re1 Qf6 16. b3 Rfe8 17. Nf3 Be4 18. Re3 Re7 19. Qd2 Rae8 20. h3 Qf4
21. Qc3 Qf6 22. d5 Qxc3 23. Rxc3 Bxf3 24. Rxf3 Re1+ 25. Rxe1 Rxe1+ 26. Kh2 Re2 27. a4 Kf8 28. Kg3 g6 29. Re3 Rxe3+ 30. fxe3 Ke7
31. Kf4 Kf6 32. h4 h6 33. b4 g5+ 34. hxg5+ hxg5+ 35. Ke4 Ke7 36. Kf5 f6 37. g4 Kf7 38. Ke4 Kg6 39. c5 f5+ 40. gxf5+ Kf6
41. cxd6 cxd6 42. b5 b6 43. Kd4 Kxf5 44. e4+ Kf6 45. Ke3 Ke5 46. Kf3 g4+
0-1

[Event "Budapest for the Tournament Player: 1500 - 2000 #2"]
[Site "SchemingMind.com"]
[Date "2007.06.27"]
[Round "-"]
[White "pardesi"]
[Black "jtrochez1"]
[Result "0-1"]
[WhiteCountry "USA"]
[BlackCountry "HON"]
[WhiteElo "1503"]
[WhiteRD "60"]
[BlackElo "1549"]
[BlackRD "50"]
[GameID "110473"]

1. d4 Nf6 2. c4 e5 3. dxe5 Ne4 4. Bf4 c6 5. a3 Qb6 6. e3 Qxb2 7. Nd2 Nxd2 8. e4 Nxe4 9. Nh3 d6 10. exd6 Bxh3
11. gxh3 Qxf2#
0-1

[Event "Budapest for the Tournament Player: 1500 - 2000 #2"]
[Site "SchemingMind.com"]
[Date "2007.06.23"]
[Round "-"]
[White "pardesi"]
[Black "javilez"]
[Result "0-1"]
[WhiteCountry "USA"]
[BlackCountry "NCA"]
[WhiteElo "1465"]
[WhiteRD "69"]
[BlackElo "1797"]
[BlackRD "61"]
[GameID "110474"]

1. d4 Nf6 2. c4 e5 3. dxe5 Ng4 4. Bf4 Nc6 5. a3 Ngxe5 6. Bxe5 Nxe5 7. e3 g6 8. Nc3 b6 9. Be2 Bb7 10. f3 Bg7
11. Nh3 Qh4+ 12. Nf2 Qe7 13. b4 Nxc4 14. Qd3 Nxe3 15. Rc1 O-O 16. Nce4 Nxg2+ 17. Kf1 Nf4 18. Qc4 Nxe2 19. Qxe2 Rac8 20. Rg1 Rfe8
21. Kg2 f5 22. Nc3 Qxe2 23. Nxe2 Rxe2
0-1

[Event "Budapest for the Tournament Player: 1500 - 2000 #2"]
[Site "SchemingMind.com"]
[Date "2007.06.27"]
[Round "-"]
[White "jtrochez1"]
[Black "pardesi"]
[Result "1-0"]
[WhiteCountry "HON"]
[BlackCountry "USA"]
[WhiteElo "1522"]
[WhiteRD "48"]
[BlackElo "1478"]
[BlackRD "65"]
[GameID "110475"]

1. d4 Nf6 2. c4 e5 3. dxe5 Ng4 4. Nf3 Nc6 5. e3 Ngxe5 6. b3 d6 7. Nxe5 Nxe5 8. Bb2 Bg4 9. Qd5 c6 10. Qe4 f5
11. Qc2 Qe7 12. Nd2 O-O-O 13. f3 Bh5 14. O-O-O Bg6 15. Bc3 f4 16. e4 Qe6 17. h4 h5 18. g3 Nxf3 19. Nxf3 Bxe4 20. Qf2 Qg4
21. Be2 Qf5 22. Rd2 Rh7 23. Re1 g6 24. Nd4 fxg3 25. Qxg3 Bg7 26. Nxf5
1-0

[Event "Budapest for the Tournament Player: 1500 - 2000 #2"]
[Site "SchemingMind.com"]
[Date "2007.06.23"]
[Round "-"]
[White "javilez"]
[Black "pardesi"]
[Result "1-0"]
[WhiteCountry "NCA"]
[BlackCountry "USA"]
[WhiteElo "1797"]
[WhiteRD "61"]
[BlackElo "1465"]
[BlackRD "69"]
[GameID "110476"]

1. d4 Nf6 2. c4 e5 3. dxe5 Ng4 4. Bf4 Nc6 5. Nf3 Bb4+ 6. Nc3 Bxc3+ 7. bxc3 O-O 8. h3 Nxf2 9. Kxf2 b6 10. Qc2 d6
11. exd6 cxd6 12. Rd1 Na5 13. e3 Qf6 14. Rxd6 Bf5 15. Bd3 Bxd3 16. Qxd3 Rad8 17. Ng5
1-0

[Event "Budapest for the Tournament Player: 1500 - 2000 #2"]
[Site "SchemingMind.com"]
[Date "2007.06.28"]
[Round "-"]
[White "Theodoric"]
[Black "jtrochez1"]
[Result "1-0"]
[WhiteCountry "ENG"]
[BlackCountry "HON"]
[WhiteElo "1793"]
[WhiteRD "62"]
[BlackElo "1572"]
[BlackRD "47"]
[GameID "110533"]

1. d4 Nf6 2. c4 e5 3. dxe5 Ne4 4. Nf3 c6 5. Qc2 Nc5 6. e4 d6 7. Be2 h6 8. O-O Be6 9. Rd1 Qc7 10. Bf4 Be7
11. exd6 Bxd6 12. Bxd6 Qb6 13. Nc3 Nbd7 14. b3 Qd8 15. Bxc5 Qa5 16. Be3 O-O-O 17. Nd4 Nb8 18. Nxe6 fxe6 19. Bg4 Qe5 20. Rxd8+ Rxd8
21. g3 h5 22. Bf4 Qf6 23. Bh3 Nd7 24. Rd1 e5 25. Bxd7+ Rxd7 26. Rxd7 Kxd7 27. Qd2+ Kc7 28. Bg5 Qf8 29. Na4 Qd6 30. Qa5+ Kb8
31. Qd8+ Qxd8 32. Bxd8 Kc8 33. Bh4 b6 34. Kg2 Kd7 35. f4 exf4 36. gxf4 Ke6 37. Nc3 g6 38. Kf3 a6 39. a4 a5 40. Bd8
1-0

[Event "Budapest for the Tournament Player: 1500 - 2000 #2"]
[Site "SchemingMind.com"]
[Date "2007.06.23"]
[Round "-"]
[White "Theodoric"]
[Black "pardesi"]
[Result "1-0"]
[WhiteCountry "ENG"]
[BlackCountry "USA"]
[WhiteElo "1793"]
[WhiteRD "62"]
[BlackElo "1491"]
[BlackRD "61"]
[GameID "110534"]

1. d4 Nf6 2. c4 e5 3. dxe5 Ng4 4. e4 Nxe5 5. f4 Nec6 6. Nf3 Bb4+ 7. Bd2 Qf6 8. Bxb4 Nxb4 9. Qd2 N8c6 10. Nc3 O-O
11. Be2 d6 12. O-O Bg4 13. a3 Na6 14. Nd5 Qd8 15. b4 Bxf3 16. Rxf3 Re8 17. Bd3 Qd7 18. Rg3 Ne7 19. Nf6+
1-0

[Event "Budapest for the Tournament Player: 1500 - 2000 #2"]
[Site "SchemingMind.com"]
[Date "2007.06.26"]
[Round "-"]
[White "Theodoric"]
[Black "javilez"]
[Result "1/2-1/2"]
[WhiteCountry "ENG"]
[BlackCountry "NCA"]
[WhiteElo "1828"]
[WhiteRD "57"]
[BlackElo "1797"]
[BlackRD "61"]
[GameID "110535"]

1. d4 Nf6 2. c4 e5 3. dxe5 Ng4 4. e4 Nxe5 5. f4 Nec6 6. Nf3 Bc5 7. Nc3 d6 8. Bd3 Bg4 9. h3 Bxf3 10. Qxf3 Nd7
11. Be3 Bxe3 12. Qxe3 Qe7 13. Nd5 Qd8 14. b4 O-O 15. O-O f5 16. exf5 Re8 17. Qf2 Nf6 18. Nxf6+ Qxf6 19. a3 Re7 20. Rae1 Rae8
21. Rxe7 Rxe7 22. Re1 Rxe1+ 23. Qxe1 Qd4+ 24. Kh1 Kf8 25. Qe4 Qa1+ 26. Kh2 Qxa3 27. b5 Nb4 28. Qxb7 Nxd3 29. Qc8+ Kf7 30. Qe6+=
1/2-1/2

[Event "Budapest for the Tournament Player: 1500 - 2000 #2"]
[Site "SchemingMind.com"]
[Date "2007.06.28"]
[Round "-"]
[White "jtrochez1"]
[Black "Theodoric"]
[Result "0-1"]
[WhiteCountry "HON"]
[BlackCountry "ENG"]
[WhiteElo "1572"]
[WhiteRD "47"]
[BlackElo "1793"]
[BlackRD "62"]
[GameID "110536"]

1. d4 Nf6 2. c4 e5 3. dxe5 Ng4 4. Nf3 Nc6 5. e3 Ngxe5 6. b3 Qf6 7. Bb2 Nxf3+ 8. gxf3 Qxb2 9. Nd2 Bb4 10. Bg2 Bxd2+
11. Kf1 Ba5 12. a3 Bc3 13. Rc1 Bf6 14. a4 Bh4 15. Qc2 Qxc2 16. Rxc2 O-O 17. f4 d6 18. Bxc6 bxc6 19. Rg1 Rb8 20. Rc3 Re8
21. Ke2 Bf6 22. Rcc1 Rxb3 23. Kf3 Bf5 24. Rge1 Rb4 25. a5 Be4+ 26. Kg3 Re6 27. f3 Bd3 28. c5 d5 29. Rh1 Rxe3 30. Rce1 d4
31. Reg1 Rb3 32. Re1 Kf8
0-1

[Event "Budapest for the Tournament Player: 1500 - 2000 #2"]
[Site "SchemingMind.com"]
[Date "2007.06.23"]
[Round "-"]
[White "pardesi"]
[Black "Theodoric"]
[Result "0-1"]
[WhiteCountry "USA"]
[BlackCountry "ENG"]
[WhiteElo "1491"]
[WhiteRD "61"]
[BlackElo "1793"]
[BlackRD "62"]
[GameID "110537"]

1. d4 Nf6 2. c4 e5 3. dxe5 Ng4 4. Bf4 Nc6 5. Nf3 Bb4+ 6. Nc3 Qe7 7. Qd5 f6 8. h3 Ngxe5 9. O-O-O d6 10. e3 Be6
11. Qd2 Bxc4 12. Bxe5 Bxf1 13. Bxf6 Qxf6 14. Rhxf1 Bxc3 15. Qxc3 Qxc3+ 16. bxc3 O-O 17. Rfe1 Rae8 18. Kc2 Rf5 19. Rd2 Ref8 20. e4 Rc5
21. Rd5 Nb4+ 22. Kb3 Nxd5 23. exd5 Rxd5 24. Re7 Rc5 25. Ng5 Rxg5
0-1

[Event "Budapest for the Tournament Player: 1500 - 2000 #2"]
[Site "SchemingMind.com"]
[Date "2007.06.26"]
[Round "-"]
[White "javilez"]
[Black "Theodoric"]
[Result "0-1"]
[WhiteCountry "NCA"]
[BlackCountry "ENG"]
[WhiteElo "1742"]
[WhiteRD "56"]
[BlackElo "1850"]
[BlackRD "58"]
[GameID "110538"]

1. d4 Nf6 2. c4 e5 3. dxe5 Ng4 4. Bf4 Nc6 5. Nf3 Bb4+ 6. Nbd2 Qe7 7. a3 Bc5 8. e3 Ngxe5 9. Nxe5 Nxe5 10. b4 Bd6
11. c5 Nd3+ 12. Bxd3 Bxf4 13. O-O Be5 14. Rb1 O-O 15. Qc2 g6 16. Nf3 d6 17. Nxe5 Qxe5 18. cxd6 Qxd6 19. Rfd1 Qe7 20. Rbc1 c6
21. Rd2 Be6 22. Rcd1 Rad8 23. Bc4 Bxc4 24. Qxc4 Rxd2 25. Rxd2 Rd8 26. Rxd8+ Qxd8 27. Qd4 Qxd4 28. exd4 f5 29. Kf1 Kf7 30. Ke2 Ke6
31. Kd3 Kd5 32. f3 g5 33. a4 f4 34. g3 fxg3 35. hxg3 h5 36. Ke3= h4 37. gxh4 gxh4 38. Kf4 a5 39. bxa5 Kxd4 40. Kg4 c5
41. f4 h3 42. Kxh3 c4
0-1

[Event "Budapest for the Tournament Player: 1500 - 2000 #2"]
[Site "SchemingMind.com"]
[Date "2007.06.28"]
[Round "-"]
[White "kifosi"]
[Black "jtrochez1"]
[Result "1/2-1/2"]
[WhiteCountry "DEN"]
[BlackCountry "HON"]
[WhiteElo "1805"]
[WhiteRD "69"]
[BlackElo "1500"]
[BlackRD "47"]
[GameID "110553"]

1. d4 Nf6 2. c4 e5 3. dxe5 Ne4 4. a3 c6 5. Nf3 Qb6 6. e3 d6 7. Bd3 Nc5 8. b4 Nxd3+ 9. Qxd3 dxe5 10. Nxe5 Be7
11. Nf3 O-O 12. c5 Qc7 13. Bb2 Nd7 14. O-O Bf6 15. Bxf6 Nxf6 16. Rd1 Nd5 17. Nc3 Nxc3 18. Qxc3 Bg4 19. e4 Bxf3 20. Qxf3 Rad8
21. Qe2 Rxd1+ 22. Rxd1 Rd8 23. f3 Rxd1+ 24. Qxd1 b5 25. Qd6 Qc8 26. Kf2 f6 27. Ke3 h6 28. h4 a6 29. Kf4 Kf7 30. e5 f5
31. h5 Qe6 32. g4 Qc4+ 33. Kg3 f4+ 34. Kh4 Qf1 35. e6+ Kg8 36. Qxf4 Qh1+ 37. Kg3 Qg1+ 38. Kh3 Qf1+ 39. Kh2 Qf2+ 40. Kh3 Qf1+
41. Kh4 Qh1+ 42. Kg3 Qg1+ 43. Kh3 Qf1+ 44. Kh2 Qf2+ 45. Kh1 Qf1+=
1/2-1/2

[Event "Budapest for the Tournament Player: 1500 - 2000 #2"]
[Site "SchemingMind.com"]
[Date "2007.06.23"]
[Round "-"]
[White "kifosi"]
[Black "pardesi"]
[Result "1-0"]
[WhiteCountry "DEN"]
[BlackCountry "USA"]
[WhiteElo "1833"]
[WhiteRD "73"]
[BlackElo "1465"]
[BlackRD "69"]
[GameID "110554"]

1. d4 Nf6 2. c4 e5 3. dxe5 Ng4 4. Bf4 Nc6 5. Nf3 Bb4+ 6. Nbd2 O-O 7. a3 Bc5 8. e3 Qe7 9. b4 Bxe3 10. fxe3 d6
11. exd6 cxd6 12. e4 Rd8 13. Be2 Nce5 14. Nxe5 Nxe5 15. O-O b6 16. Rc1 Be6 17. Bxe5 dxe5 18. Qc2 Rac8 19. Rfd1
1-0

[Event "Budapest for the Tournament Player: 1500 - 2000 #2"]
[Site "SchemingMind.com"]
[Date "2007.06.28"]
[Round "-"]
[White "kifosi"]
[Black "javilez"]
[Result "1/2-1/2"]
[WhiteCountry "DEN"]
[BlackCountry "NCA"]
[WhiteElo "1771"]
[WhiteRD "68"]
[BlackElo "1691"]
[BlackRD "60"]
[GameID "110555"]

1. d4 Nf6 2. c4 e5 3. dxe5 Ng4 4. Bf4 Nc6 5. Nf3 Qe7 6. e3 Ngxe5 7. Nc3 Nxf3+ 8. Qxf3 Qb4 9. Qe4+ Qe7 10. Qxe7+ Bxe7
11. O-O-O d6 12. Be2 O-O 13. c5 Rd8 14. Nd5 Rd7 15. Nxc7 Rxc7 16. cxd6 Bxd6 17. Bxd6 Rd7 18. Bb5 Rd8 19. Bxc6 bxc6 20. Bc5 Be6
21. b3 a6 22. Rxd8+ Rxd8 23. Rd1 Rxd1+ 24. Kxd1 g6 25. Kc2 f5 26. a3 Kf7 27. b4 Bd5 28. g3 Ke6 29. Kd3 g5 30. Kd4=
1/2-1/2

[Event "Budapest for the Tournament Player: 1500 - 2000 #2"]
[Site "SchemingMind.com"]
[Date "2007.06.24"]
[Round "-"]
[White "kifosi"]
[Black "Theodoric"]
[Result "1/2-1/2"]
[WhiteCountry "DEN"]
[BlackCountry "ENG"]
[WhiteElo "1866"]
[WhiteRD "76"]
[BlackElo "1783"]
[BlackRD "59"]
[GameID "110556"]

1. d4 Nf6 2. c4 e5 3. dxe5 Ng4 4. Bf4 Nc6 5. Nf3 Bb4+ 6. Nbd2 Qe7 7. a3 Ngxe5 8. Nxe5 Nxe5 9. Bxe5 Bxd2+ 10. Qxd2 Qxe5
11. e3 O-O 12. Be2 Re8 13. O-O d6 14. Bf3 Rb8 15. Rfd1 Be6 16. b3 Red8 17. Rac1 b6 18. Qc3 Qxc3 19. Rxc3 h6 20. a4=
1/2-1/2

[Event "Budapest for the Tournament Player: 1500 - 2000 #2"]
[Site "SchemingMind.com"]
[Date "2007.06.28"]
[Round "-"]
[White "jtrochez1"]
[Black "kifosi"]
[Result "0-1"]
[WhiteCountry "HON"]
[BlackCountry "DEN"]
[WhiteElo "1511"]
[WhiteRD "50"]
[BlackElo "1816"]
[BlackRD "67"]
[GameID "110557"]

1. d4 Nf6 2. c4 e5 3. dxe5 Ne4 4. Nd2 Bb4 5. a3 Bxd2+ 6. Bxd2 f6 7. Nf3 Nc6 8. e3 Nxe5 9. Nxe5 fxe5 10. Qh5+ Kf8
11. Qf5+ Nf6 12. Qxe5 d6 13. Qf4 Kf7 14. Bd3 Rf8 15. Bc3 Kg8 16. Qg3 Nh5 17. O-O-O Nxg3 18. hxg3 h6 19. b4 Rxf2 20. Rhg1 Qg5
21. Bd2 Qxg3 22. Rde1 Rxg2 23. Rxg2 Qxg2 24. c5 dxc5 25. Re2 Qd5 26. Bc2 Bg4 27. Re1 Rd8 28. Bc3 cxb4 29. axb4 b6 30. Kb2 a5
31. Bb3 axb4 32. Bxd5+ Rxd5 33. Bxb4 c5 34. Bc3 g6 35. e4 Rd8 36. Bf6 Re8 37. e5 Kf7 38. Kc3 b5 39. Re4 h5 40. Rf4 Bf5
41. Rf3 h4 42. Bxh4 Rxe5 43. Bg3 Rd5 44. Bf2 Kf6 45. Kb3 g5 46. Bg3 Rd3+ 47. Rxd3 Bxd3 48. Bd6 c4+ 49. Kb4 Kf5 50. Kxb5 Ke4
51. Kb4 g4 52. Kc3 Kf3 53. Bc5 g3 54. Bd4 Ke2 55. Bc5 g2 56. Bd4 Kf1 57. Bc5 g1=Q 58. Bxg1 Kxg1 59. Kd2 Kf2 60. Kd1 c3
61. Kc1 c2 62. Kd2 Kf1 63. Kc1 Ke1
0-1

[Event "Budapest for the Tournament Player: 1500 - 2000 #2"]
[Site "SchemingMind.com"]
[Date "2007.06.23"]
[Round "-"]
[White "pardesi"]
[Black "kifosi"]
[Result "0-1"]
[WhiteCountry "USA"]
[BlackCountry "DEN"]
[WhiteElo "1465"]
[WhiteRD "69"]
[BlackElo "1833"]
[BlackRD "73"]
[GameID "110558"]

1. d4 Nf6 2. c4 e5 3. dxe5 Ne4 4. e3 d6 5. Nf3 Nc6 6. Qd5 Nc5 7. Nc3 Be6 8. Qd2 Nxe5 9. Nxe5 dxe5 10. Qe2 Bd6
11. Nd5 O-O 12. Qh5 Bxd5 13. cxd5 a6 14. b4 Nd7 15. Bd3 g6 16. Qh6 Bxb4+ 17. Bd2 Bxd2+ 18. Kxd2 Nc5 19. Bc4 b5
0-1

[Event "Budapest for the Tournament Player: 1500 - 2000 #2"]
[Site "SchemingMind.com"]
[Date "2007.06.27"]
[Round "-"]
[White "javilez"]
[Black "kifosi"]
[Result "1-0"]
[WhiteCountry "NCA"]
[BlackCountry "DEN"]
[WhiteElo "1701"]
[WhiteRD "64"]
[BlackElo "1816"]
[BlackRD "67"]
[GameID "110559"]

1. d4 Nf6 2. c4 e5 3. dxe5 Ne4 4. Nf3 Bb4+ 5. Bd2 Bc5 6. e3 Nc6 7. Nc3 Nxd2 8. Qxd2 O-O 9. a3 Re8 10. Be2 Nxe5
11. O-O d6 12. b4 Bb6 13. Rfd1 Bg4 14. Nxe5 Bxe2 15. Nxe2 dxe5 16. c5 Bxc5 17. bxc5 f6 18. Qd5+ Qxd5 19. Rxd5 Red8 20. Rad1 Rf8
21. Rd7 Rac8 22. Nc3 a6 23. g3 Rf7 24. Rxf7 Kxf7 25. Kf1 Ke7 26. Ke2 c6 27. Na4 Rd8 28. Rxd8 Kxd8 29. Kd3 Ke7 30. Nb6 g6
31. f4 Ke6 32. e4 exf4 33. gxf4 h6 34. h4 g5 35. fxg5 fxg5 36. hxg5 hxg5 37. Nc4 g4 38. Ke3
1-0

[Event "Budapest for the Tournament Player: 1500 - 2000 #2"]
[Site "SchemingMind.com"]
[Date "2007.06.23"]
[Round "-"]
[White "Theodoric"]
[Black "kifosi"]
[Result "1/2-1/2"]
[WhiteCountry "ENG"]
[BlackCountry "DEN"]
[WhiteElo "1828"]
[WhiteRD "57"]
[BlackElo "1833"]
[BlackRD "73"]
[GameID "110560"]

1. d4 Nf6 2. c4 e5 3. dxe5 Ne4 4. Nf3 b6 5. e3 Bb7 6. Bd3 Nc5 7. O-O Nxd3 8. Qxd3 Bxf3 9. gxf3 Qg5+ 10. Kh1 Qxe5
11. f4 Qe6 12. Nc3 a6 13. b3 Be7 14. Qd5 Qxd5+ 15. Nxd5 Kd8 16. Nxe7 Kxe7 17. Rg1 g6 18. Ba3+ d6 19. Rad1 Nd7 20. Rg3 Nf6
21. Rg2 Ne4 22. Bb2 Rhe8 23. f3 Nf6 24. Bxf6+ Kxf6 25. e4 Re7=
1/2-1/2

[Event "Budapest for the Tournament Player: 1500 - 2000 #2"]
[Site "SchemingMind.com"]
[Date "2007.06.30"]
[Round "-"]
[White "lacus66"]
[Black "jtrochez1"]
[Result "1-0"]
[WhiteCountry "HUN"]
[BlackCountry "HON"]
[WhiteElo "1724"]
[WhiteRD "72"]
[BlackElo "1522"]
[BlackRD "48"]
[GameID "110712"]

1. d4 Nf6 2. c4 e5 3. dxe5 Ne4 4. Nf3 d6 5. e3 Nc6 6. exd6 Bxd6 7. Bd3 Nc5 8. O-O Bg4 9. Be2 O-O 10. b4 Ne6
11. Nc3 Nxb4 12. Bb2 c6 13. Ne4 Be7 14. Nd4 Bxe2 15. Nxe2 Qc7 16. Bc3 Na6 17. Nd4 Nxd4 18. Qxd4 f6 19. c5 Rad8 20. Qc4+ Kh8
21. Bd4 b5 22. Qc3 Qc8 23. Rfd1 Qe6 24. f3 h6 25. Qb3 Nc7 26. Qxe6 Nxe6 27. a4 a6 28. axb5 axb5 29. Ra7 Nxc5 30. Rxe7 Nxe4
31. Rxe4 c5 32. Rb1 cxd4 33. Rxd4 Rb8 34. Rdb4 Rfd8 35. Rxb5 Rxb5 36. Rxb5 Kh7 37. h4 Kg6 38. g4 Rd3 39. Kf2 Rd2+ 40. Kg3 Rd1
41. Kf4 Rf1 42. e4 Rf2 43. Ke3 Rh2 44. h5+ Kh7 45. Rb7 Kg8 46. Kf4 Rf2 47. Rb3 Re2 48. Kf5 Kh7 49. f4 Rc2 50. Rb5 Rc6
51. e5 fxe5 52. Rxe5 Rf6+ 53. Ke4 Rd6 54. f5 Rf6 55. Re6 Rf7 56. Ke5 Kg8 57. Re8+ Kh7 58. Kf4 Rd7 59. Rc8 Rd4+ 60. Kf3 Rd3+
61. Ke4 Rg3 62. Kf4 Rg1 63. Rc7 Rf1+ 64. Kg3 Rg1+ 65. Kf3 Rf1+ 66. Kg2 Rf4 67. Kg3 Rf1 68. Rc2 Rg1+ 69. Rg2 Rxg2+ 70. Kxg2 Kg8
71. Kf3 Kf7 72. Kf4 Kf6 73. Ke4 Kg5 74. Kf3 Kf6 75. Kf4 Ke7 76. Ke5 Kf7 77. f6 gxf6+ 78. Kf5 Kg7 79. Ke6
1-0

[Event "Budapest for the Tournament Player: 1500 - 2000 #2"]
[Site "SchemingMind.com"]
[Date "2007.06.25"]
[Round "-"]
[White "lacus66"]
[Black "pardesi"]
[Result "1-0"]
[WhiteCountry "HUN"]
[BlackCountry "USA"]
[WhiteElo "1808"]
[WhiteRD "73"]
[BlackElo "1503"]
[BlackRD "60"]
[GameID "110713"]

1. d4 Nf6 2. c4 e5 3. dxe5 Ng4 4. Nf3 Bb4+ 5. Nc3 Bxc3+ 6. bxc3 Nc6 7. Bf4 O-O 8. h3 Nxf2 9. Kxf2 Qe7 10. Qd5 d6
11. exd6 cxd6 12. Bxd6 Qd7 13. Bxf8 Kxf8 14. Qxd7 Bxd7 15. Nd4 Re8 16. e3 f6 17. Rd1
1-0

[Event "Budapest for the Tournament Player: 1500 - 2000 #2"]
[Site "SchemingMind.com"]
[Date "2007.06.25"]
[Round "-"]
[White "lacus66"]
[Black "kifosi"]
[Result "1-0"]
[WhiteCountry "HUN"]
[BlackCountry "DEN"]
[WhiteElo "1696"]
[WhiteRD "70"]
[BlackElo "1833"]
[BlackRD "73"]
[GameID "110714"]

1. d4 Nf6 2. c4 e5 3. dxe5 Ne4 4. Nf3 b6 5. a3 Bc5 6. e3 a5 7. Bd3 Ng5 8. e4 Nxf3+ 9. Qxf3 O-O 10. Qg3 d6
11. Bh6 g6 12. Bxf8 Kxf8 13. exd6 Qxd6 14. Qxd6+ Bxd6 15. O-O Be6 16. Nc3 Nd7 17. Nb5 Ne5 18. Rfd1 Bxc4 19. Bxc4 Nxc4 20. b3 Ne5
21. Nxd6 cxd6 22. Rxd6 b5 23. Rd5
1-0

[Event "Budapest for the Tournament Player: 1500 - 2000 #2"]
[Site "SchemingMind.com"]
[Date "2007.06.25"]
[Round "-"]
[White "lacus66"]
[Black "javilez"]
[Result "1-0"]
[WhiteCountry "HUN"]
[BlackCountry "NCA"]
[WhiteElo "1668"]
[WhiteRD "72"]
[BlackElo "1742"]
[BlackRD "56"]
[GameID "110715"]

1. d4 Nf6 2. c4 e5 3. dxe5 Ng4 4. Nf3 Nc6 5. Bf4 Qe7 6. e3 Ngxe5 7. Bxe5 Nxe5 8. Nxe5 Qxe5 9. Qd4 Qxd4 10. exd4 g6
11. Nd2 Bg7 12. Nf3 b6 13. O-O-O Bb7 14. d5 O-O 15. Bd3 Rfe8 16. Rhe1 Kf8 17. Ng5 Bh6 18. f4 Kg8 19. Kc2 f6 20. Nh3 c6
21. Be4 Kf7 22. f5 Rac8 23. dxc6 Bxc6 24. Bxc6 dxc6 25. Rxe8 Rxe8 26. Rd7+ Re7 27. Rxe7+ Kxe7 28. fxg6 hxg6 29. Nf2 f5 30. g4 Be3
31. Nd3 Ke6 32. gxf5+ Kxf5 33. Ne1 Kg4 34. Kd3 Bg1 35. Ke4 Bxh2 36. Nf3 Bd6 37. a3 g5 38. b4 c5 39. b5 Bf4 40. a4 Kg3
41. Ng1 g4 42. Ne2+ Kf2 43. Nxf4 g3 44. Nh5 g2 45. Nf4 Kg3 46. Nxg2 Kxg2 47. Kd5 Kf3 48. Kc6 Ke4 49. Kb7 Kd4 50. Kxa7 Kxc4
51. a5 bxa5 52. b6 a4 53. b7 a3 54. b8=Q Kc3 55. Qb1 c4 56. Kb6 Kd2 57. Qa2+ Kd3 58. Qxa3+ c3 59. Kc5 Kd2 60. Kd4
1-0

[Event "Budapest for the Tournament Player: 1500 - 2000 #2"]
[Site "SchemingMind.com"]
[Date "2007.06.27"]
[Round "-"]
[White "lacus66"]
[Black "Theodoric"]
[Result "0-1"]
[WhiteCountry "HUN"]
[BlackCountry "ENG"]
[WhiteElo "1778"]
[WhiteRD "74"]
[BlackElo "1793"]
[BlackRD "62"]
[GameID "110716"]

1. d4 Nf6 2. c4 e5 3. dxe5 Ng4 4. Nf3 Nc6 5. Bf4 Bb4+ 6. Nc3 Qe7 7. Qd5 Qe6 8. h3 Nh6 9. Qxe6+ dxe6 10. Rc1 Nf5
11. a3 Bxc3+ 12. Rxc3 O-O 13. e4 Nfd4 14. Nxd4 Nxd4 15. Bd3 c5 16. O-O Bd7 17. Be3 Bc6 18. b4 Bxe4 19. Bxe4 Ne2+ 20. Kh1 Nxc3
21. Bxb7 Rab8 22. Bxc5 Rxb7 23. Bxf8 Kxf8 24. c5 Rc7 25. Rc1 Na4 26. f4 Nb2 27. g4 Ke7 28. Rc2 Nd3 29. Rc4 a6 30. Kg2 h6
31. h4 Nb2 32. Rd4 Rd7 33. Rd6 Rxd6 34. exd6+ Kd7 35. Kf2 Nc4 36. a4 Nb2 37. b5 Nd3+ 38. Ke3 Nxc5 39. b6 Kxd6 40. a5 Nb7
0-1

[Event "Budapest for the Tournament Player: 1500 - 2000 #2"]
[Site "SchemingMind.com"]
[Date "2007.06.30"]
[Round "-"]
[White "jtrochez1"]
[Black "lacus66"]
[Result "1/2-1/2"]
[WhiteCountry "HON"]
[BlackCountry "HUN"]
[WhiteElo "1572"]
[WhiteRD "47"]
[BlackElo "1778"]
[BlackRD "74"]
[GameID "110717"]

1. d4 Nf6 2. c4 e5 3. dxe5 Ng4 4. Nf3 Nc6 5. h3 Ngxe5 6. Nxe5 Nxe5 7. e3 Bb4+ 8. Nc3 O-O 9. Bd2 c5 10. Be2 Rb8
11. a3 Ba5 12. Ne4 d5 13. Bxa5 Qxa5+ 14. Qd2 Qxd2+ 15. Nxd2 Re8 16. O-O d4 17. exd4 cxd4 18. b4 d3 19. Bd1 Bf5 20. f4 Nc6
21. g4 Bd7 22. Rf3 Rbd8 23. Kf2 Be6 24. f5 Ne5 25. Rg3 Bc8 26. c5 b6 27. cxb6 axb6 28. b5 g6 29. h4 Kg7 30. Rc1 gxf5
31. gxf5+ Kf6 32. Nf3 Bxf5 33. Nxe5 Rxe5 34. Rc6+ Re6 35. Rxe6+ fxe6 36. a4 h6 37. Ke3 e5 38. Kd2 e4 39. Re3 Rd4 40. Rg3 Kf7
41. Kc3 Rd5 42. Bb3 Ke6 43. Bxd5+ Kxd5 44. Kd2 Kc4 45. Rg8 Kb4 46. Rh8 Kxa4 47. Rxh6 Bg4 48. Rxb6 Bf3 49. Rb8 Ka5 50. b6 Ka6
51. Ke3 Kb5 52. Kd2 Kc6 53. Ke3 Kb5 54. Kd2 Kc6=
1/2-1/2

[Event "Budapest for the Tournament Player: 1500 - 2000 #2"]
[Site "SchemingMind.com"]
[Date "2007.06.25"]
[Round "-"]
[White "pardesi"]
[Black "lacus66"]
[Result "0-1"]
[WhiteCountry "USA"]
[BlackCountry "HUN"]
[WhiteElo "1503"]
[WhiteRD "60"]
[BlackElo "1808"]
[BlackRD "73"]
[GameID "110718"]

1. d4 Nf6 2. c4 e5 3. dxe5 Ng4 4. Bf4 Nc6 5. Qd5 d6 6. Bg3 Ngxe5 7. Nf3 Bg4 8. Nxe5 Nxe5 9. Bxe5 dxe5 10. Qxb7 Rb8
11. Qe4 Bb4+ 12. Nc3 Qd4 13. Qxd4 exd4 14. a3 Bc5 15. f3 dxc3 16. bxc3 Be6 17. e4 O-O 18. Bd3 Rfd8 19. O-O-O Bxa3+ 20. Kc2 Rb2+
0-1